Gaststeden van Eurovisie - Statistieken

Algemene statistieken
  • Deze quiz is 121 keer genomen
    3 sinds de laatste reset
  • De gemiddelde score is 51 van 70
Antwoordstatistieken
Nr. Jaar Land Gaststad % Correct
15 1970 Nederland Amsterdam
100%
32 1987 België Brussel
100%
16 1971 Ierland Dublin
100%
26 1981 Ierland Dublin
100%
33 1988 Ierland Dublin
100%
39 1994 Ierland Dublin
100%
40 1995 Ierland Dublin
100%
42 1997 Ierland Dublin
100%
52 2007 Finland Helsinki
100%
50 2005 Oekraïne Kiëv
100%
62 2017 Oekraïne Kiëv
100%
9 1964 Denemarken Kopenhagen
100%
46 2001 Denemarken Kopenhagen
100%
59 2014 Denemarken Kopenhagen
100%
63 2018 Portugal Lissabon
100%
67 2023 Verenigd Koninkrijk Liverpool
100%
5 1960 Verenigd Koninkrijk Londen
100%
8 1963 Verenigd Koninkrijk Londen
100%
13 1968 Verenigd Koninkrijk Londen
100%
22 1977 Verenigd Koninkrijk Londen
100%
37 1992 Zweden Malmö
100%
58 2013 Zweden Malmö
100%
68 2024 Zweden Malmö
100%
54 2009 Rusland Moskou
100%
41 1996 Noorwegen Oslo
100%
55 2010 Noorwegen Oslo
100%
65 2021 Nederland Rotterdam
100%
20 1975 Zweden Stockholm
100%
45 2000 Zweden Stockholm
100%
61 2016 Zweden Stockholm
100%
66 2022 Italië Turijn
100%
12 1967 Oostenrijk Wenen
100%
60 2015 Oostenrijk Wenen
100%
70 2026 Oostenrijk Wenen
100%
51 2006 Griekenland Athene
50%
57 2012 Azerbeidzjan Bakoe
50%
53 2008 Servië Belgrado
50%
31 1986 Noorwegen Bergen
50%
43 1998 Verenigd Koninkrijk Birmingham
50%
19 1974 Verenigd Koninkrijk Brighton
50%
4 1959 Frankrijk Cannes
50%
6 1961 Frankrijk Cannes
50%
21 1976 Nederland Den Haag
50%
25 1980 Nederland Den Haag
50%
56 2011 Duitsland Düsseldorf
50%
17 1972 Verenigd Koninkrijk Edinburgh
50%
2 1957 Duitsland Frankfurt-am-Main
50%
27 1982 Verenigd Koninkrijk Harrogate
50%
3 1958 Nederland Hilversum
50%
49 2004 Turkije Istanboel
50%
24 1979 Israël Jeruzalem
50%
44 1999 Israël Jeruzalem
50%
34 1989 Zwitserland Lausanne
50%
1 1956 Zwitserland Lugano
50%
7 1962 Luxemburg Luxemburg
50%
11 1966 Luxemburg Luxemburg
50%
18 1973 Luxemburg Luxemburg
50%
29 1984 Luxemburg Luxemburg
50%
14 1969 Spanje Madrid
50%
38 1993 Ierland Millstreet
50%
28 1983 Duitsland München
50%
10 1965 Italië Napels
50%
23 1978 Frankrijk Parijs
50%
48 2003 Letland Riga
50%
36 1991 Italië Rome
50%
47 2002 Estland Tallinn
50%
64 2019 Israël Tel Aviv
50%
35 1990 Kroatië Zagreb
50%
69 2025 Zwitserland Basel
0%
30 1985 Zweden Gotenburg
0%
Geen overeenkomende quizzen gevonden
Scoreverdeling
Procent van Mensen met Elke Score
Percentiel versus Aantal Correcte Antwoorden
Uw Scoregeschiedenis
U heeft deze quiz nog niet genomen sinds de laatste reset